Casos de investigación cuantitativa de mercados. una aplicación en el aula / II :

Detalles Bibliográficos
Autor principal: Rojas Ramírez, Nathalia (Autor)
Otros Autores: Cardona M., Madeline Melchor (Editor)
Formato: Electrónico eBook
Lenguaje:español
Publicado: Cali, Valle del Cauca, Colombia : Universidad Autónoma de Occidente, [2012]
Edición:Primera edición.
Colección:Pre-Textos (Universidad Autónoma de Occidente (Cali, Colombia))
Materias:
Acceso en línea:Digitalia Hispánica

MARC

LEADER 00000nam a2200000Ii 4500
001 DIGUAOCCTE0099
003 NyNyDIG
006 m o d
007 cr |||||||||||
008 240915s2012 ck a ob 000 0 spa d
035 |a (OCoLC)1456948409 
040 |a DGITA  |b eng  |e rda  |e pn  |c DGITA 
050 1 4 |a HF5415.2 ebook 
245 0 0 |a Casos de investigación cuantitativa de mercados.  |n II :  |b una aplicación en el aula /  |c orientadora, Madeline Melchor Cardona M. ; investigadores, Nathalia Rojas Ramírez [and 12 others]. 
250 |a Primera edición. 
264 1 |a Cali, Valle del Cauca, Colombia :  |b Universidad Autónoma de Occidente,  |c [2012] 
300 |a 1 online resource :  |b illustrations. 
336 |a text  |b txt  |2 rdacontent 
337 |a computer  |b c  |2 rdamedia 
338 |a online resource  |b cr  |2 rdacarrier 
347 |a text file  |2 rdaft 
347 |b PDF 
490 1 |a Pre-Textos,  |x 2011-7795 
504 |a Includes bibliographical references. 
588 0 |a Online resource; title from PDF title page (Digitalia, viewed September 15, 2024) 
650 0 |a Marketing research. 
700 1 |a Cardona M., Madeline Melchor,  |e editor. 
700 1 |a Rojas Ramírez, Nathalia,  |e author. 
791 2 |a Digitalia (Firm),  |e distributor. 
793 0 |g Digitalia eBook Collection:  |a Universidad Autónoma de Occidente 
830 0 |a Pre-Textos (Universidad Autónoma de Occidente (Cali, Colombia)) 
856 4 0 |3 Digitalia Hispánica  |u https://www.digitaliapublishing.com/a/47625/ 
910 |a Premium collection: 2024